000 00412nam a2200157 i 4500
001 79454
003 ES-MaACL
005 20230906173959.0
007 t|
008 041021q19801989zzz ||||1| spa d
100 1 _aHernández, Javier H.
_962822
245 1 0 _aPoisoia /
_cJavier H. Hernández.
260 _a[S.l. :
_bs.n.,
_c198-?]
300 _a76 p. :
_bil. ;
_c21 cm.
852 _aES-MaACL
_jL-2314
_bR.103317
999 _c79454
_d79454